00914 2200313 4500001002100000005001500021035002000036007000300056008004100059020002200100040002200122082001700144090002200161090002400183100002800207245007300235300005100308650002900359650002300388700002300411850001200434041000800446264003000454336002100484337003000505338002300535084002000558990002200578INLIS00000000084513920190329022249 a0010-0319000662ta190329s2016 yoia g ind d a978-979-29-5739-6 aYOPDYOGbinderda04223a220.9505 aCB-D.11 2016-2811 aDEP 220.9505 RAT s0 aRatih Maharaniepenulis0 a100 cerita tentang Musa /coleh, Ratih Maharani ; ilustrator, Rangha avi, 201 halaman :bilustrasi berwarna ;c28 cm 4aAlkitab--xCerita-cerita 4aBacaan Kanak-kanak0 aRanghaeilustrator aYOPDYOG0 aind31aYogyakarta :bAndi,c2016 2rdacontentateks 2rdamediaatanpa perantara 2rdacarrieravolume a220.9505 RAT s aCB-D.11/2016-2811